Researches into the Early History of Mankind and the Development of Civilization ... Edited and abridged with an introduction by Paul Bohannan. [With illustrations.] (Record no. 1445)

000 -LEADER
fixed length control field nam a22 a 4500
005 - DATE AND TIME OF LATEST TRANSACTION
control field 20170509152120.0
008 - FIXED-LENGTH DATA ELEMENTS--GENERAL INFORMATION
fixed length control field 170509b1964 -us||||| |||| 00| 0 eng d
040 ## - CATALOGING SOURCE
Original cataloging agency AKMAL
082 ## - DEWEY DECIMAL CLASSIFICATION NUMBER
Classification number 304.2 TYL
090 ## - LOCALLY ASSIGNED LC-TYPE CALL NUMBER (OCLC); LOCAL CALL NUMBER (RLIN)
Classification number (OCLC) (R) ; Classification number, CALL (RLIN) (NR) 304.2
Local cutter number (OCLC) ; Book number/undivided call number, CALL (RLIN) TYL
100 1# - MAIN ENTRY--PERSONAL NAME
Personal name Tylor, Edward B.
9 (RLIN) 2859
245 10 - TITLE STATEMENT
Title Researches into the Early History of Mankind and the Development of Civilization ... Edited and abridged with an introduction by Paul Bohannan. [With illustrations.]
260 ## - PUBLICATION, DISTRIBUTION, ETC.
Place of publication, distribution, etc. Chicago ;
260 ## - PUBLICATION, DISTRIBUTION, ETC.
Place of publication, distribution, etc. London :
Name of publisher, distributor, etc. University of Chicago Press,
Date of publication, distribution, etc. 1964.
300 ## - PHYSICAL DESCRIPTION
Extent xvii, 295 p. ;
Dimensions 8º.
490 00 - SERIES STATEMENT
Series statement [Phoenix Books. no. P175.]
700 1# - ADDED ENTRY--PERSONAL NAME
Personal name Bohannan, Paul.
9 (RLIN) 2860
852 41 - LOCATION
Location British Library
Sublocation or collection HMNTS
942 ## - ADDED ENTRY ELEMENTS (KOHA)
Source of classification or shelving scheme
Koha item type Book
Holdings
Withdrawn status Lost status Source of classification or shelving scheme Damaged status Not for loan Collection code Home library Current library Shelving location Date acquired Inventory number Total Checkouts Full call number Barcode Date last seen Price effective from Koha item type
          NON-FICTION AKMAL Melaka AKMAL Melaka PINJAMAN 09.05.2017 300605   304.2 TYL 201702733 09.05.2017 09.05.2017 Book
Pusat Sumber Maklumat Dato' Haji Sarmin Md Hussin, Akademi Kastam Diraja Malaysia, Melaka
Tel: 06-2331106 | Faks: 06-2313787